000 00596nam a2200181Ia 4500
003 GCL
008 140319s9999 xx 000 0 ara d
040 _aGCL /
_cGCL
082 0 4 _a390.24
_bع غ
100 1 _aعلى عبدالواحد وافى
245 1 0 _aغرائب النظم والتقاليد والعادات /
_cعلى عبدالواحد وافى
260 _aالقاهرة :
_bدار نهضة مصر للطبع والنشر
300 _a332 ؛
_c24
490 _aكتاب
_v0
650 0 4 _aالعادات والتقاليد
650 0 4 _aاداب السلوك
942 _2ddc
_cBK
999 _c42766
_d42766